000 00576cam a2200217 4500
008 090401t1998 xxu||||| |||| 00| 0 eng d
020 _a1860812430
035 _a(Sirsi) u90458
041 _aeng
050 _a690
110 _aBuilding Research Establishment
245 _aInternal painting : tips and hints.
260 _aLondon
_bConstruction Research Communications Ltd
_c1998
300 _a4p. : ill. ; 30cm.
350 _a0
490 _aBRE Good Repair Guide
_v19
650 _aPAINTING
690 _aBUILT ENVIRONMENT
942 _n0
948 _c22/12/1998
999 _c97557
_d97557